Представление документа в формате RUSMARC

ПолеНазваниеЗначение
  Тип записи a
  Библиографический уровень m
001 Контрольный номер eef46f8d9c4f4797915b2fa65d0ac7a3
005 Дата корректировки 20170712161205.6
010 Индекс ISBN __
a ISBN 978-5-4468-4267-4
101 Язык документа 0_
a Язык текста rus
102 Страна публикации __
a Страна публикации RU
200 Заглавие и сведения об ответственности 1_
a Заглавие Операционные системы и среды
e Сведения, относящиеся к заглавию учебник для студ. учреждений сред. проф. образования
f Первые сведения об ответственности А. В. Батаев, Н. Ю. Налютин, С. В. Синицын
b Общее обозначение материала Текст
205 Сведения об издании __
a Основные сведения об издании 4-е изд., стер.
210 Выходные данные 1_
a Место издания М.
c Издательство Академия
d Дата издания 2017
215 Физическое описание __
a Объем 272 с.
225 Серия 2_
a Серия Профессиональное образование. Информатика и вычислительная техника
610 Ключевые слова 0_
a Ключевые слова файловая система
a Ключевые слова программирование
a Ключевые слова операционные системы
a Ключевые слова пользователи
a Ключевые слова учебник
a Ключевые слова профессиональное образование
a Ключевые слова СПО
a Ключевые слова колледж
a Ключевые слова ФИРО
686 Индексы других классификаций __
a Классификационный индекс 32.97
a Классификационный индекс 32.972.11я723
a Классификационный индекс 32.973.3я723
700 Автор _1
a Фамилия Батаев
b Имя А. В.
701 Альтернативная интеллектуальная ответственность _1
a Фамилия Налютин
b Имя Н. Ю.
701 Альтернативная интеллектуальная ответственность _1
a Фамилия Синицын
b Имя С. В.
801 Источник записи _0
a Страна RU
b Организация РУК
g Правила каталогизации PSBO
c Дата составления 20170712
801 Источник записи _1
a Страна RU
b Организация РУК
g Правила каталогизации PSBO
852 Данные о местонахождении __
i Авторский знак Б28
j Шифр хранения ББК 32.97
901 Тип документа __
t Тип документа m
937 Технологическая информация __
a Создатель записи (имя) Мясникова
938 Служебная информация __
a Название организации Головной вуз
952 Тип литературы __
b Гриф литературы для ВШ гриф
c Вид литературы учебник